书目信息 |
| 题名: |
酶动力学
|
|
| 作者: | 珀里奇 主编 | |
| 分册: | ||
| 出版信息: | 北京 科学出版社 2012 |
|
| 页数: | 21,892页 | |
| 开本: | 26cm | |
| 丛书名: | ||
| 单 册: | ||
| 中图分类: | Q55 | |
| 科图分类: | ||
| 主题词: | 化学动力学 , 酶学 , 酶学--化学动力学 | |
| 电子资源: | ||
| ISBN: | 978-7-03-032898-4 | |
| 000 | 01202nam0 2200289 45 | |
| 001 | 1355419514 | |
| 005 | 20130513144644.14 | |
| 010 | @a978-7-03-032898-4@b精装@dCNY198.00 | |
| 100 | @a20130108d2012 em y0chiy50 ea | |
| 101 | 0 | @aeng@echi@gchi |
| 102 | @aCN@b110000 | |
| 105 | @ay z 001yy | |
| 106 | @ar | |
| 200 | 1 | @a酶动力学@AMei Dong Li Xue@e催化作用和调控作用@ECui Hua Zuo Yong He Diao Kong Zuo Yong@dEnzyme kinetics@eCatalysis and control@fDaniel Lee Purich[主编]@FDaniel Lee Purich[ Zhu Bian ]@zeng |
| 210 | @a北京@c科学出版社@d2012 | |
| 215 | @a21,892页@d26cm | |
| 300 | @a科爱传播 导读版 | |
| 330 | @a本书共13章,介绍了酶催化的历史和范围,酶活性中心的化学基础,化学动力学的基本原理,酶反应速度测量,单底物酶反应的初始速度理论,影响酶活性的各种因素,酶的可逆和不可逆抑制作用,酶的协同性和酶动力学的调控等内容。 | |
| 510 | 1 | @aEnzyme kinetics@ecatalysis and control@zeng |
| 517 | 1 | @a催化作用和调控作用@ACui Hua Zuo Yong He Diao Kong Zuo Yong |
| 606 | 0 | @a化学动力学 |
| 606 | 0 | @a酶学 |
| 606 | 0 | @a酶学@x化学动力学 |
| 690 | @aQ55@v5 | |
| 701 | 0 | @g(美)@a珀里奇@APo Li Qi@g(Purich, Daniel Lee)@4主编 |
| 801 | @aCN@bTANGWEI@c20130111 | |
| 905 | @b0831201-03@dQ55@e191@f3 | |
| 酶动力学:催化作用和调控作用=Enzyme kinetics:Catalysis and control/Daniel Lee Purich[主编].-北京:科学出版社,2012 |
| 21,892页;26cm |
| 科爱传播 导读版 |
| ISBN 978-7-03-032898-4(精装):CNY198.00 |
| 本书共13章,介绍了酶催化的历史和范围,酶活性中心的化学基础,化学动力学的基本原理,酶反应速度测量,单底物酶反应的初始速度理论,影响酶活性的各种因素,酶的可逆和不可逆抑制作用,酶的协同性和酶动力学的调控等内容。 |
| ● |
| 相关链接 |
|
|
|
|
正题名:酶动力学
索取号:Q55/191
 
预约/预借
| 序号 | 登录号 | 条形码 | 馆藏地/架位号 | 状态 | 备注 |
| 1 | 0831201 | 208312011 | 第二样本阅览室/ [索取号:Q55/191] | 在馆 | |
| 2 | 0831202 | 208312020 | 第三借阅区/ [索取号:Q55/191] | 在馆 | |
| 3 | 0831203 | 208312039 | 第三借阅区/ [索取号:Q55/191] | 在馆 |